Riadenie obchodného personálu vo výrobných podnikoch

Oblasť riadenia obchodného personálu a zohľadňovanie špecifík pre výrobné podniky. Obchodný personál sa stáva jedným z faktorov, ktorý výrazne ovplyvňuje obrat podniku. Spôsoby merania výkonu obchodného personálu.

Guardado en:
Detalles Bibliográficos
Autor principal: Sitášová, Jana
Formato: Capítulo de libro
Lenguaje:eslovaco
Materias:
Etiquetas: Agregar Etiqueta
Sin Etiquetas, Sea el primero en etiquetar este registro!

MARC

LEADER 00000naa$a2200000$$$4500
001 0217366
005 20240502073620.0
041 0 |a slo 
044 |a SK 
245 1 0 |a Riadenie obchodného personálu vo výrobných podnikoch  |c Jana Sitášová 
520 |a Oblasť riadenia obchodného personálu a zohľadňovanie špecifík pre výrobné podniky. Obchodný personál sa stáva jedným z faktorov, ktorý výrazne ovplyvňuje obrat podniku. Spôsoby merania výkonu obchodného personálu. 
610 2 0 |a marketing 
610 2 0 |a komunikácia marketingová 
610 2 0 |a stratégia obchodná 
610 2 0 |a riadenie predaja 
610 2 0 |a obrat obchodný 
610 2 0 |a meranie výkonnosti 
610 2 0 |a personál 
100 1 |a Sitášová, Jana